000 00242cam a22000857a 4500
008 180718b2005 xxu||||| |||| 00| 0 eng d
245 _aTibbat aur bharat
_cedited by Vijay Kranti
260 _aNew Delhi
_bTibbat Desh
_c2005
700 _aKranti, Vijay
999 _c501874
_d501874